Tlemcen - Culture générale - Statistiques

Statistiques générales
  • Ce quiz a été pris 58 fois
  • Le résultat moyen est 3 sur 11
Statistiques - réponses
Question Réponse % Correct
Capitale de ce pays Alger
100%
Pays dont Tlemcen est une ville Algérie
100%
Tlemcen est surnommée la ____ du Maghreb Perle
54%
Quel est le code postal de la ville ? 13000
43%
Quel route permet de relier Tlemcen à Annaba (ville située à l'extrémité orientale du pays) en 10 heures de route, en passant par Alger ? Autoroute Est-Ouest
13%
Tlemcen est l'ancienne capitale de quelle royaume/zone historique Maghreb central
11%
À combien de mètres d'altitude se trouve cet endroit ? 1200
9%
Quel art Tlemcen est connu pour être le n°1 au Maghreb ? Art andalou
2%
À quel endroit touristique de Tlemcen relie le téléphérique de la ville aux quartiers ouest de la ville ? Plateau Lalla-Seti
2%
Quel lieu touristique située à Aïn Fezza (10km à l'est de la ville) a ouvert en juillet 2006 ? Grottes de Beni Add
0%
Dans quel stade de la ville le WA Tlemcen joue-il ses rencontres ? Stade du Colonel Lotfi
0%
Aucun quiz correspondant
Distribution des résultats
% des personnes avec chaque résultat
Percentile par nombre de réponses
Votre historique - résultats
Vous n’avez pas pris ce quiz